000 01919cam a2200553 c 4500
001 119252104
003 DE-627
005 20250428125952.0
007 tu
008 921229s1992 gw ||||| 00| ||ger c
015 _a92,N35,0785
_2dnb
015 _a92,A51,1463
_2dnb
016 7 _a921066902
_2DE-101
020 _a3411102012
_c(kart.)
035 _a(DE-627)119252104
035 _a(DE-576)031443729
035 _a(DE-599)GBV119252104
035 _a(OCoLC)260216548
035 _a(OCoLC)29638841
035 _a(OCoLC)260216548
040 _aDE-627
_bger
_cDE-627
_erakwb
_dDE-2950
041 _ager
044 _cXA-DE
_cXA-AT
_cXA-CH
050 0 _aDD860
082 0 _a943.1/55 20
_qOCLC
_222
082 0 _a943.1/55
084 _a63
_a61
_2sdnb
084 _aNR 6910
_2rvk
_0(DE-625)rvk/129679:
084 _a15.46
_2bkl
100 1 _81\p
_aHaus, Wolfgang
_d1927-2018
_0(DE-588)170352161
_0(DE-627)060429879
_0(DE-576)131246763
_4aut
245 1 0 _aGeschichte der Stadt Berlin/
_cWolfgang Haus
264 1 _aMannheim;
_aLeipzig;
_aWien;
_aZürich:
_bBI-Taschenbuch-Verl.,
_c1992
300 _a128 S.:
_bIll.
_c18 cm
336 _aText
_btxt
_2rdacontent
337 _aohne Hilfsmittel zu benutzen
_bn
_2rdamedia
338 _aBand
_bnc
_2rdacarrier
490 1 _aMeyers Forum;
_v6
500 _aLiteraturverz. S. 126 - 127
583 1 _aArchivierung/Langzeitarchivierung gewährleistet
_fPEBW
_2pdager
_5DE-31
583 1 _aArchivierung prüfen
_c20240324
_fDE-4165
_z1
_2pdager
651 0 _aBerlin (Germany)
_xHistory
830 0 _aMeyers Forum
_v6
_96,
_w(DE-627)169224260
_w(DE-576)030499828
_w(DE-600)914916-8
_7am
856 4 2 _uhttp://d-nb.info/921066902/04
_mB:DE-101
_qpdf/application
_v20161126003402
_3Inhaltsverzeichnis
883 _81
_acgwrk
_d20241001
_qDE-101
_uhttps://d-nb.info/provenance/plan#cgwrk
936 r v _aNR 6910
936 b k _a15.46
942 _2z
_cB
951 _aBO
999 _c373743
_d373743